000 00561nam a22002177a 4500
003 OSt
005 20140310182809.0
008 130218t xxu||||| |||| 00| 0 eng d
020 _a1-41302051-8
050 _aPE 1116
_b.M659 2009
082 _aM 610.14
_bM659 2009
245 _aEnglish for health sciences
_cMilner, Martin
260 _aBoston
_bThomson ELT
_cc2009
300 _a106 p. + 1 CD-ROM.
_c25.4 cm.
521 _acollege students
526 _c1210L-1700L
541 _j1
541 _j2
562 _e2
942 _2lcc
_cBK
_kM
999 _c16136
_d16136